| 000 | 00762nam a22001577a 4500 | ||
|---|---|---|---|
| 003 | OSt | ||
| 005 | 20151104105116.0 | ||
| 008 | 151104b xxu||||| |||| 00| 0 eng d | ||
| 040 | _cRUA | ||
| 082 | _aFOR PRA 1997 B124 Or.1 | ||
| 100 |
_93329 _aPRACK, CHAMNAN. |
||
| 245 | _astudying about the percentage and effective economics of processing log to veneer in long day and king wood factories (សិក្សាពីអត្រា និង លទ្ធភាពសេដ្ខកិច្ចនៃការកែច្នៃឈើមូលជាឈើចំណិតស្តើង (veneer) នៅរោងចក្រ long day និង រោងចក្រ king wood ) | ||
| 260 |
_aPhnom Penh _bRUA _c1997 |
||
| 300 |
_a40p. _bill. _c29cm. |
||
| 942 |
_2ddc _cFOR |
||
| 999 |
_c3105 _d3105 |
||